000 02346cam a22005294i 4500
003 PE-LiUPU
005 20250731180105.0
008 150617s r 000 0 d
035 _a(Sirsi) a19531
040 _aPE-LiUPU
_bspa
_cPE-LiUPU
_erda
049 _aPRUA
082 0 4 _a540.7985
_bG88
_221
100 1 _aGuevara, Juan de Dios,
_eautor.
245 1 0 _aHistoria de la química en el Perú.
264 1 _aLima :
_bCONCYTEC,
_c[19 ].
300 _a492 páginas retratos, , foto, ;
_c22 cm
336 _atext
_2rdacontent
337 _aunmediated
_2rdamedia
338 _avolume
_2rdacarrier
500 _aDatos obtenidos de la cubierta.
504 _aIncluye bibliografía.
505 0 _aLa química en la época incaica -- La química en la época colonial -- La química en la república -- Inicio de la enseñanza de la química en el Perú -- La enseñanza de la farmacia en el Perú -- Facultad de ciencias de la Universidad Nacional Mayor de San Marcos -- Las profesiones de químico e ingeniero químico en la Universidad Nacional Mayor de San Marcos -- Universidad Nacional Mayor de San Marcos -- Universidad Nacional San Antonio Abad del Cusco -- Universidad Nacional San Agustín, Arequipa -- Universidad Nacional de La Libertad, Trujillo -- Escuela de Ingenieros, hoy Universidad Nacional de Ingeniería -- Escuela de Agricultura, hoy Universidad Nacional Agraria -- Potinficia Universidad Católica del Perú -- Historia de La bioquímica en el Perú.
526 _aSEG44
526 _aSEG26
526 _aP159
526 _aP155
526 _aP154
526 _aP153
526 _aP150
526 _aP100
526 _aP31
526 _aP30
526 _aP26
526 _aP25
526 _aP24
526 _aP22
526 _aP15
526 _aP10
650 0 4 _aQuímica
_xHistoria
_zPerú.
910 _ajck
_bjvq
_cjck
_d20150616
942 _2ddc
_cBOOK
949 _a540.7985 G88
_wDEWEY
_c1
_i36856
_lCCODEBUL1
_mBUL
_p00.00
_r0
_sY
_tBOOK
_u19940907
_xEDUCACION
_zUNKNOWN
_0COMPRA
_o.STAFF. Colección General
994 _aC0
_bPEPRU
596 _a1
999 _a540.7985 G88
_wDEWEY
_c19344
_i36856
_d19344
_e2017-3-15
_f2021-11-5
_g5
_lCCODEBUL1
_mBUL
_n1
_r0
_sY
_tBOOK
_u2015-6-17
_xBIBLIOTECA
_zUNKNOWN
_0COMPRA
_o.STAFF. Colección General
980 _81
_gALBERTO SANCHEZ Responsable de Automatización